• 首页
  • 本馆介绍
  • 公告通知
  • 最新文献
  • 馆藏检索
  • 电子资源
  • 读者导购
  • 参考咨询
  • 我的图书馆
  • 登录
  • 详细信息显示
  • 放入我的书架
  • 预约/预借图书
  • 作者相关作品
  • 分类相关作品
  • 丛书相关作品
  • 出版社相关作品

书目信息

  • 表格格式
  • 工作单格式
  • 卡片格式
题名:
保护生物学研究
    
 
作者: 孟秀祥 主编
分册:  
出版信息: 北京   中央民族大学出版社  2004
页数: 244页
开本: 20cm
丛书名:
单 册:
中图分类: Q16
科图分类:
主题词: 生物多样性--保护--高等学校--教材
电子资源:
ISBN: 7-81056-899-X
000 00856nam0 2200229 450
001 TS-191751
005 20070118165458.98
010    @a7-81056-899-X@dCNY18.00
100    @a20060829d2004 emky0chiy0110 ea
101 0  @achi@aeng
102    @aCN@b110000
105    @ay z 000yy
200 1  @a保护生物学研究@Abao hu sheng wu xue yan jiu@f孟秀祥等主编@FMeng Xiu Xiang Deng Zhu Bian
210    @a北京@c中央民族大学出版社@d2004
215    @a244页@d20cm
300    @a中央民族大学国家“211工程”建设资助项目 创新教材 中央民族大学生命与环境科学学院211工程项目教材
330    @a本书详细介绍依据生物学的基本原理及相关研究热点,介绍保护生物学原理及研究方法在生物多样性保护中的实际应用等。
606 0  @a生物多样性@x保护@x高等学校@y教材
690    @aQ16@v4
701  0 @a孟秀祥@Ameng xiu xiang@4主编
801  0 @aCN@b中图数据@c20070118
905    @a10447@dQ16@e109
    
    保护生物学研究/孟秀祥等主编.-北京:中央民族大学出版社,2004
    244页;20cm
    中央民族大学国家“211工程”建设资助项目 创新教材 中央民族大学生命与环境科学学院211工程项目教材
    
    ISBN 7-81056-899-X:CNY18.00
    本书详细介绍依据生物学的基本原理及相关研究热点,介绍保护生物学原理及研究方法在生物多样性保护中的实际应用等。
●
相关链接 在E读中查询图书 在五车中查询图书 在当当中查询图书 在豆瓣中查询图书


正题名:保护生物学研究     索取号:Q16/109         预约/预借

序号 登录号 条形码 馆藏地/架位号 状态 备注
1 0614063   206140638   第二样本阅览室/ [索取号:Q16/109] 在馆    
2 0614064   206140647   第三借阅区/ [索取号:Q16/109] 在馆    
3 0614065   206140656   第三借阅区/ [索取号:Q16/109] 在馆    
4 0614066   206140665   第三借阅区/ [索取号:Q16/109] 在馆    
5 0614067   206140674   第三借阅区/ [索取号:Q16/109] 在馆    
6 0614068   206140683   第三借阅区/ [索取号:Q16/109] 在馆    
唐山师范学院图书馆 欢迎您!
大连网信软件有限公司© 版权所有